New industry of Japan

Gespeichert in:
Bibliographische Detailangaben
Format: Buch
Sprache:Undetermined
Veröffentlicht: Tokyo 1961
Schlagworte:
Tags: Tag hinzufügen
Keine Tags, Fügen Sie den ersten Tag hinzu!
Thư viện lưu trữ: Trung tâm Học liệu Trường Đại học Cần Thơ
LEADER 00381nam a2200157Ia 4500
001 CTU_98993
008 210402s9999 xx 000 0 und d
082 |a 338.0952 
082 |b N532 
245 0 |a New industry of Japan 
260 |a Tokyo 
260 |c 1961 
650 |a Industries 
650 |z Japan 
904 |i Truc 
980 |a Trung tâm Học liệu Trường Đại học Cần Thơ